Best Science Fiction Stories (Record no. 1234591)

MARC details
000 -LEADER
fixed length control field 00499nam a2200193Ia 4500
008 - FIXED-LENGTH DATA ELEMENTS--GENERAL INFORMATION
fixed length control field 151121s9999||||xx |||||||||||||| ||und||
082 ## - DEWEY DECIMAL CLASSIFICATION NUMBER
Classification number 823-/Cri
082 ## - DEWEY DECIMAL CLASSIFICATION NUMBER
Item number HNW-49440
100 ## - MAIN ENTRY--PERSONAL NAME
Personal name Crispin E। -Edi।
245 ## - TITLE STATEMENT
Title Best Science Fiction Stories
260 ## - PUBLICATION, DISTRIBUTION, ETC. (IMPRINT)
Name of publisher, distributor, etc Faber & Faber
260 ## - PUBLICATION, DISTRIBUTION, ETC. (IMPRINT)
Date of publication, distribution, etc --
300 ## - PHYSICAL DESCRIPTION
Extent 368
600 ## - SUBJECT ADDED ENTRY--PERSONAL NAME
Personal name Crispin E। -Edi।
630 ## - SUBJECT ADDED ENTRY--UNIFORM TITLE
Uniform title Best Science Fiction Stories
700 ## - ADDED ENTRY--PERSONAL NAME
Personal name Crispin E। -Edi।
730 ## - ADDED ENTRY--UNIFORM TITLE
Uniform title Best Science Fiction Stories
942 ## - ADDED ENTRY ELEMENTS (KOHA)
Koha item type Book
Holdings
Withdrawn status Lost status Damaged status Not for loan Home library Current library Date acquired Cost, normal purchase price Total Checkouts Full call number Barcode Date last seen Cost, replacement price Price effective from Koha item type
        Hirachand Nemchand Wachanalaya, Solapur Hirachand Nemchand Wachanalaya, Solapur 11/21/2015 368.00   HNW-49440 HNW-49440 11/21/2015 368.00 11/21/2015 Book